000 00762nas a2200229 4500
001 BR8707550
003 BR-BrBNA
005 20231205090936.0
007 ta
008 230509b bl.|||p| |||| 00| 00por d
040 _aBR-BrBNA
_bpor
_cBiblioteca Nacional de Agricultura
041 _a(Pt)
072 _aL02
100 1 _aMouchrek, E.
100 1 _aMoulin, C.H.S.
245 1 _aA importancia do binomio frequencia x consumo diario no aleitamento artificial de caprinos
650 _aCABRA
650 _aALEITAMENTO ARTIFICIAL
773 0 _tInforme Agropecuario - Empresa de Pesquisa Agropecuaria de Minas Gerais (Brazil)
_xISSN 0100-3364
_g(Feb 1987), v. 13(146) p. 20-23
_wBR8707550
909 _a202311
_bLúcia
_c55
_dLúcia Elande
942 _2AGRIS
_n0
_cANA
999 _c121777
_d121777